00197nam a2200097Ia 4500100001400000366000700014245002600021260002000047082001500067546001700082 aPalani/S  f20 aBasic system analysis bAne Booksc2011 a621.3bPAL aENGLISHcTTL